| 000 | 00619nam a2200181 i 4500 | ||
|---|---|---|---|
| 001 | 147519 | ||
| 003 | ES-MaACL | ||
| 007 | t| | ||
| 008 | 071002s1974 sp ||||1| spa d | ||
| 080 | _a271(063) | ||
| 245 | 0 | 0 |
_aUnidad, pluralismo y pluriformidad en la vida religiosa / _c[Alvarez, Bocos, Gutiérrez Vega...]. |
| 260 |
_aMadrid : _bInstituto Teológico de Vida Religiosa, _c[1974] |
||
| 300 |
_a482 p. ; _c21 cm. |
||
| 650 | 1 | 4 |
_aÓrdenes y congregaciones religiosas- _vCongresos y asambleas _915748 |
| 700 | 1 |
_aAlvarez Gómez, Jesús. _920824 |
|
| 852 |
_aES-MaACL _jE-5893 _bR.90363 |
||
| 999 |
_c147519 _d147519 |
||